00823nam a2200229 i 4500001000300000100001800003245006300021250001100084260002500095300005900120490008500179504002600264650001100290655002600301700002100327830007300348040000800421041000700429080001900436008004100455856009700496bg1 aDRAGON, Roman10aZbiór zadań z fizyki /cRoman Dragon, Marek Kostrzewa. aWyd.2. aOpole :bWSI,c1995. a183 s., [1] k. tabl. złoż. :brys., wykr. ;c24 cm.1 aSkrypt Uczelniany / Wyższa Szkoła Inżynierska w Opolu,x0860-9004 ;vnr 176 aBibliogr. s. 176-177. 9aFizyka aĆwiczenia i zadania1 aKOSTRZEWA, Marek 0aSkrypt Uczelniany (Wyższa Szkoła Inżynierska w Opolu) ;vnr 176 cBPK0 apl a53(075.8)(076) s pl f |000 0 pol  uhttp://koha.tu.koszalin.pl/cgi-bin/koha/opac-detail.pl?biblionumber=6928yKatalog online BPK